[Event "IECC P email"]
[Site "IECC email"]
[Date "2000.03.09"]
[Round "?"]
[White "Masson, Denis"]
[Black "Prevenios, Michalis"]
[Result "0-1"]
[WhiteElo "1818"]
[BlackElo "2318"]
[PlyCount "108"]
[EventDate "2000.??.??"]
[EventType "tourn (corr)"]
[EventRounds "6"]
[SourceTitle "Corr 2008"]
[Source "ChessBase"]
[SourceDate "2008.06.24"]
[SourceVersion "1"]
[SourceVersionDate "2008.06.24"]
[SourceQuality "1"]

1. d4 d5 2. c4 e6 3. g3 Nf6 4. Bg2 c5 5. Nf3 Nc6 6. 0-0 dxc4 7. Qa4 Bd7 8. Qxc4 b5 9. Qc3 b4 10. Qd3 cxd4 11. Bf4 Nd5 12. Be5 Nxe5 13. Nxe5 Rc8 14. Nd2 Be7 15. Nb3 Bf6 16. Ng4 0-0 17. Nxf6+ Qxf6 18. Qxd4 Qxd4 19. Nxd4 Nf6 20. a3 Rc4 21. Rfd1 Rb8 22. b3 Rc7 23. axb4 Rxb4 24. Ra5 Ne8 25. e3 Nd6 26. h4 Kf8 27. Bf1 Ke7 28. Rda1 Nf5 29. Nxf5+ exf5 30. Bc4 Rbb7 31. Bd5 Rb5 32. f3 Rxa5 33. Rxa5 Be6 34. e4 Bxd5 35. Rxd5 fxe4 36. Re5+ Kf8 37. Rxe4 Rc3 38. Ra4 Rxb3 39. Rxa7 Rxf3 40. Kg2 Rb3 41. g4 h6 42. h5 Rd3 43. Kf2 Ke8 44. Rb7 Rd7 45. Rxd7 Kxd7 46. Ke3 Ke7 47. Kf3 Ke6 48. Ke4 g5 49. hxg6 fxg6 50. Kf4 Kd5 51. Ke3 Ke5 52. Kf3 Kd4 53. Kf4 g5+ 54. Kf3 Kd3 0-1

[Event "IECC P email"]
[Site "IECC email"]
[Date "1999.12.20"]
[Round "?"]
[White "Masson, Denis"]
[Black "De Leeuw, Dirk"]
[Result "1-0"]
[WhiteElo "1785"]
[BlackElo "1981"]
[PlyCount "83"]
[EventDate "1999.??.??"]
[EventType "tourn (corr)"]
[EventRounds "6"]
[SourceTitle "Corr 2008"]
[Source "ChessBase"]
[SourceDate "2008.06.24"]
[SourceVersion "1"]
[SourceVersionDate "2008.06.24"]
[SourceQuality "1"]

1. d4 Nf6 2. c4 e6 3. g3 d5 4. Bg2 dxc4 5. Nf3 Nc6 6. Qa4 Bb4+ 7. Bd2 Nd5 8. Bxb4 Ndxb4 9. 0-0 Rb8 10. Na3 0-0 11. Qb5 b6 12. Qxc4 Ba6 13. Nb5 Qd5 14. Qxd5 exd5 15. Nc3 Ne7 16. Ne5 Rbd8 17. a3 Nc2 18. Rad1 c5 19. dxc5 d4 20. Rd2 dxc3 21. Rxc2 f6 22. cxb6 fxe5 23. bxa7 cxb2 24. Rxb2 Bc4 25. Rfb1 Bd5 26. Rb8 e4 27. Rxd8 Rxd8 28. Rb8 Nc6 29. Rxd8+ Nxd8 30. f3 Ba8 31. fxe4 Ne6 32. e5 Nc7 33. Bxa8 Nxa8 34. Kf2 Kf7 35. Ke3 Ke6 36. Kd4 g5 37. Kc5 Kd7 38. e6+ Kc7 39. g4 Kb7 40. e7 Nc7 41. Kd6 Ne8+ 42. Kd7 1-0

[Event "IECC P email"]
[Site "IECC email"]
[Date "1999.04.14"]
[Round "?"]
[White "Polaszek, Arkadiusz"]
[Black "Masson, Denis"]
[Result "0-1"]
[WhiteElo "1855"]
[BlackElo "1818"]
[PlyCount "112"]
[EventDate "1999.??.??"]
[EventType "tourn (corr)"]
[EventRounds "6"]
[SourceTitle "Corr 2008"]
[Source "ChessBase"]
[SourceDate "2008.06.24"]
[SourceVersion "1"]
[SourceVersionDate "2008.06.24"]
[SourceQuality "1"]

1. e4 d5 2. exd5 Nf6 3. Bb5+ Bd7 4. Bc4 Bg4 5. f3 Bf5 6. Nc3 Nbd7 7. d3 Nb6 8. Nge2 Nfxd5 9. Nxd5 Nxd5 10. Nd4 Bg6 11. 0-0 e6 12. Bxd5 Qxd5 13. Ne2 Bd6 14. Be3 Qe5 15. Bf4 Qxb2 16. Rb1 Qxa2 17. Bxd6 cxd6 18. Rxb7 0-0 19. Qb1 Qd5 20. Rb5 Qc6 21. Qb3 Rfc8 22. Rc1 e5 23. c4 a5 24. Rb1 Qc7 25. Ng3 Qa7+ 26. Kh1 Rd8 27. Ne4 a4 28. Qa3 Qe3 29. Rb6 Qd4 30. R6b5 Bxe4 31. fxe4 h6 32. R1b2 f5 33. exf5 Rf8 34. Rb1 Rxf5 35. R5b2 Raf8 36. Rb8 Rxb8 37. Rxb8+ Kh7 38. Rb1 Rf2 39. Rg1 e4 40. dxe4 Qxc4 41. Qxd6 Qxe4 42. Qa3 Re2 43. Qa1 Re3 44. Qb1 a3 45. Qa1 Qc2 46. Rc1 Qb2 47. Rb1 Qxa1 48. Rxa1 a2 49. h4 Ra3 50. Kh2 Kg6 51. g3 Kh5 52. Kh3 g5 53. hxg5 Kxg5 54. Kg2 Kg4 55. Kf2 h5 56. Kg2 Rxg3+ 0-1

[Event "IECC O email"]
[Site "IECC email"]
[Date "1998.10.31"]
[Round "?"]
[White "Starzykiewicz, Dawid"]
[Black "Masson, Denis"]
[Result "0-1"]
[WhiteElo "1730"]
[BlackElo "1771"]
[PlyCount "60"]
[EventDate "1998.??.??"]
[EventType "tourn (corr)"]
[EventRounds "6"]
[SourceTitle "Corr 2008"]
[Source "ChessBase"]
[SourceDate "2008.06.24"]
[SourceVersion "1"]
[SourceVersionDate "2008.06.24"]
[SourceQuality "1"]

1. d4 Nf6 2. c4 g6 3. Nc3 d5 4. Nf3 Bg7 5. Qb3 c6 6. cxd5 cxd5 7. Bf4 Nc6 8. e3 0-0 9. Bd3 b6 10. 0-0 Bb7 11. h3 Rc8 12. Rac1 Na5 13. Qc2 a6 14. Qb1 b5 15. b3 e6 16. Ne2 Qe7 17. Bh2 Nd7 18. Nf4 Rfe8 19. h4 h6 20. g4 Nc6 21. g5 e5 22. dxe5 Ncxe5 23. Be2 d4 24. Nxd4 hxg5 25. hxg5 Qxg5+ 26. Bg3 Nc5 27. Rfd1 Ne4 28. Nh3 Qh6 29. Bxe5 Qxh3 30. Bf3 Rxc1 0-1